FIFA 22 Community Team of the Season - Statistics

General Stats
  • This quiz has been taken 19 times
    13 since last reset
  • The average score is 10 of 18
Answer Stats
Rating Club Player % Correct
96 Atletico Madrid Luis Suarez
92%
95 Tottenham Hugo Lloris
83%
92 Crystal Palace Wilfried Zaha
67%
94 Manchester City Aymeric Laporte
58%
90 Villareal Gerard Moreno
58%
92 Bayern Munich Serge Gnabry
58%
88 Southampton Tino Livramento
58%
88 Crystal Palace Tyrick Mitchell
58%
89 Wolves Conor Coady
50%
88 Nice Jean-Clair Todibo
50%
90 Aston Villa John McGinn
50%
90 Lyon Maxence Caqueret
50%
92 Atletico Madrid Yannick Carrasco
50%
90 Los Angeles FC Carlos Vela
42%
90 Villareal Daniel Parejo
42%
91 Manchester United Fred
42%
90 Sassuolo Giacomo Raspadori
42%
89 RB Salzburg Karim Adeyemi
42%
No matching quizzes found
Score Distribution
Percent of People with Each Score
Percentile by Number Answered
Your Score History
You have not taken this quiz since the last reset